000 02307nam0a2200385 4500
001 RU\NLR\bibl\908580
005 20250614182604.0
010 _a5-89530-004-9
010 _a5-89530-006-5
_bвып. 2
021 _aRU
_b2005-79185
_93907
035 _a(NLR Aleph) 000896942
090 _a1753496
_c1753496
100 _a20060217d2005 |||y0rusy50 ca
101 0 _arus
102 _aRU
105 _aa |||||||||
200 1 _aВведение в физическую химию формирования текстуры гетерогенных катализаторов, ч. 2
_fВ.Б. Фенелонов, В.Н. Пармон
210 _aМосква
_cКалвис
_d2005
215 _a117 с.
_cил.
_d21
225 1 _aПромышленный катализ в лекциях
_fпод общ. ред. д.т.н., проф. А.С. Носкова
_vвып. 2
225 1 _aКоллекция издательства
300 _aНа обл. только загл. серий
300 _aНа 116-117-й с. авт.: Фенелонов В.Б. - д.х.н., проф., Пармон В.Н. - акад. РАН, д.х.н., проф., Семиколонов В.А. - д.х.н.
320 _aБиблигр.: с. 73-78 (100 назв.), с. 115 (6 назв.)
423 0 _12001#$aНанесенные металлические катализаторы$fВ.А. Семиколенов
_1700#1$aСемиколенов$bВ. А.$gВладимир Александрович$4070
_1210##$aМосква$cКалвис$d2005
_1215##$aС. 79-115$cил.
_tНанесенные металлические катализаторы
_aСемиколенов, Владимир Александрович
606 1 _aГетерогенный катализ в химической технологии
_91384983
_3RU\NLR\auth\66268137
606 1 _aКатализаторы металлические на носителях
_91275198
_3RU\NLR\auth\66525338
686 _aЛ114.1
700 1 _aФенелонов
_bВ. Б.
_gВладимир Борисович
_4070
701 1 _4070
_7ca
_8rus
_aПармон
_bВ. Н.
_f1948-
_gВалентин Николаевич
_9144573
_3RU\NLR\AUTH\770144609
801 0 _aRU
_bNLR
_c20060217
_grcr
801 1 _aRU
_bNLR
_c20060217
942 _cBOOK
980 _aNB